Multiplicative number theory /
Guardado en:
| Autor Principal: | |
|---|---|
| Otros Autores: | |
| Formato: | Libro |
| Idioma: | English |
| Publicado: |
New York :
Springer,
2000.
|
| Edición: | 3rd ed. / |
| Series: | Graduate texts in mathematics ;
74 |
| Materias: | |
| Etiquetas: |
Agregar Etiqueta
Sin Etiquetas, Sea el primero en etiquetar este registro!
|
| LEADER | 00824cam a2200253 a 4500 | ||
|---|---|---|---|
| 001 | MAT.inmabb004007 | ||
| 008 | 000619s2000####nyu######b####001#0#eng## | ||
| 005 | 20130227172900.0 | ||
| 245 | 1 | 0 | |a Multiplicative number theory / |c Harold Davenport. |
| 250 | |a 3rd ed. / |b revised by Hugh L. Montgomery. | ||
| 260 | |a New York : |b Springer, |c 2000. | ||
| 300 | |a xiii, 177 p. ; |c 25 cm. | ||
| 440 | 0 | |a Graduate texts in mathematics ; |v 74 | |
| 504 | |a Incluye referencias bibliográficas e índice. | ||
| 510 | 4 | |a MR, |c 2001f:11001 | |
| 020 | |a 0387950974 | ||
| 100 | 1 | |a Davenport, Harold, |d 1907- | |
| 700 | 1 | |a Montgomery, Hugh L. | |
| 650 | 0 | |a Number theory. | |
| 650 | 0 | |a Numbers, Prime. | |
| 084 | |a 11-02 (11-01 11Mxx 11Nxx) |2 msc2000 | ||
| 010 | |a 00056313 | ||
| 040 | |a DLC |c DLC |d DLC | ||
| 859 | |h 11 |i D247m-3 |p A-8376 |b BIB. MATEMATICA | ||
